Adjectives in TV Shows Quiz Stats

 Plays Quiz Updated Oct 2, 2019

Score 0/25 Timer 02:00
0 Plays Today
% Correct
Sunny
90.1%
Lethal
89.6%
Desperate
89%
Unfortunate
88.3%
Special
88%
Fresh
86.7%
Pretty
86.1%
Young
86.1%
Golden
86.1%
Crazy
84.1%
Stranger
83.4%
Amazing
81%
Black
78.2%
% Correct
Dead
78.2%
Designated
74.9%
Good
74.4%
Marvelous
74.3%
Sneaky
73.6%
Animated
71.8%
High
71%
Dreadful
70.3%
True
69.6%
Dark
67.9%
Old
65.6%
Big
64.9%

You're not logged in!

Compare scores with friends on all Sporcle quizzes.
OR
Log In

Sporcle TV

Today on Sporcle TV


Watch our educational content, quiz creation guides, and fun videos on Sporcle TV.

Show Comments

Extras

Top Quizzes Today


Score Distribution

Your Account Isn't Verified!

In order to create a playlist on Sporcle, you need to verify the email address you used during registration. Go to your Sporcle Settings to finish the process.

Report this User

Report this user for behavior that violates our Community Guidelines.

Details: